000 00576nam a2200205Ii 4500
003 JO-AjNU
008 230606s9999||||xx |||||||||||||| ||und||
040 _aJO-AjNU
_beng
_erda
_cJO-AjNU
041 _aeng
050 1 4 _aQA300.A65 1982
100 3 _aApostol, Tom M,
_eauthor
_95411
245 0 0 _aMathematical Analysis
250 _a2 ed
264 3 1 _aLondon : Addison -Wesley publishing company ,1982
300 _a490p
336 _atext
_btxt
_2rdacontent
337 _aunmediated
_bn
_2rdamedia
338 _avolume
_bnc
_2rdacarrier
650 4 _aMathematical
_95412
999 _aE2794
_c2792
_d2792